Inteligencia emocional /

Detalles Bibliográficos
Autor principal: Goleman, Daniel (Autor)
Otros Autores: Merino, Begoña (Traductor)
Formato: Electrónico eBook
Lenguaje:español
inglés
Publicado: Barcelona : Reverté Management, [2024]
Materias:
Acceso en línea:Digitalia Hispánica

MARC

LEADER 00000nam a2200000Ii 4500
001 DIGREVMGM0078
003 NyNyDIG
006 m o d
007 cr |||||||||||
008 240606s2024 sp o 000 0 spa d
035 |a (OCoLC)1437904062 
040 |a DGITA  |b eng  |e rda  |e pn  |c DGITA 
020 |a 9788429197976  |q pdf 
020 |a 9788429197969  |q ePub 
020 |z 9788410121034  |q papel 
041 1 |a spa  |h eng 
050 1 4 |a BF576 ebook 
082 0 4 |a 152.4  |2 23 
245 0 0 |a Inteligencia emocional /  |c Daniel Goleman [and 3 others] ; traducción, Begoña Merino Gómez. 
264 1 |a Barcelona :  |b Reverté Management,  |c [2024] 
300 |a 1 online resource. 
336 |a text  |b txt  |2 rdacontent 
337 |a computer  |b c  |2 rdamedia 
338 |a online resource  |b cr  |2 rdacarrier 
347 |a text file  |2 rdaft 
347 |b PDF 
347 |b EPUB 
500 |a "Cómo las emociones intervienen en nuestra vida personal"-HBR 
500 |a "Harvard Business Review Press"--Cover. 
588 0 |a Online resource; title from PDF title page (Digitalia, viewed June 6, 2024) 
650 0 |a Emotional intelligence. 
700 1 |a Goleman, Daniel,  |e author. 
700 1 |a Merino, Begoña,  |e translator. 
791 2 |a Digitalia (Firm),  |e distributor. 
793 0 |g Digitalia eBook Collection:  |a Reverté Management 
776 0 8 |i Print version:  |t Inteligencia emocional.  |d Barcelona : Reverté Management, [2024]  |z 9788410121034 
856 4 0 |3 Digitalia Hispánica  |u https://www.digitaliapublishing.com/a/144391/ 
910 |a Premium collection: 2024